Mechanical Design Synthesis: With Optimization Applications /

Na minha lista:
Detalhes bibliográficos
Autor principal: Johnson, Ray C. (autor)
Formato: Livro
Idioma:inglês
Publicado em: EUA : Litton Educational Publishing, 1971
Assuntos:
Tags: Adicionar Tag
Sem tags, seja o primeiro a adicionar uma tag!

MARC

LEADER 00000nam^a2200000^a^4500
001 000016961
005 20250521000000.0
009 20260310084119.486
037 |a Acervo ITESO - Biblioteca 
041 |a ING 
082 |a 621. 8  |b JOH 
100 |a Johnson, Ray C.  |e (autor) 
245 1 0 |a Mechanical Design Synthesis: With Optimization Applications /  |c R.C. Johnson. 
264 1 |a EUA :  |b Litton Educational Publishing,  |c 1971 
300 |a 343 p. 
336 |a texto  |b txt  |2 rdacontenido 
337 |a sin mediación  |b n  |2 rdamedio 
338 |a volumen  |b nc  |2 rdasoporte 
649 |a XX 
650 |a Ingeniería Mecánica 
910 |a Fondo General 
920 |a Impresos - Libros 
930 |a Colección General 
905 |a 101 
901 |a 0169610100  |b IT1  |c ACC  |i 016961  |u 20250521 
902 |a https://opac.biblio.iteso.mx/vufind/Record/000016961